Statistics for Biggest World Cities (A-Z by Last Letter) Beginning with Y

Click here to take the quiz!

General Stats

  • This quiz has been taken 40 times
  • The average score is 5 of 26

Answer Stats

CountryStartsPlaceEndsPopulation% Correct
JapanYYokohamaA3.6m
94%
CameroonYYaoundeE1.3m
84%
MyanmarYYangonN4.5m
78%
RussiaYYekaterinburgG1.3m
78%
USA (NY)YYonkersS201k
75%
RussiaYYaroslavlL607k
41%
RussiaYYakutskK236k
28%
IranYYazdD478k
16%
ChinaYYantaiI720k
13%
UK (Sco)YYarrowW<1k
9%
IndiaYYamunanagarR209k
3%
MexicoYYautepecC102k
3%
IsraelYYarhivV41k
0%
RussiaYYaroslavskiyY91k
0%
PalestineYYasufF2k
0%
IranYYasujJ97k
0%
IsraelYYazizZ<1k
0%
VietnamYYenlapP82k
0%
VietnamYYen VinhH107k
0%
South KoreaYYeongamM55k
0%
AzerbaijanYYevlaxX60k
0%
JapanYYonoO1.1m
0%
AlgeriaYYoubB17k
0%
TurkeyYYozgatT88k
0%
ChinaYYunfuU2.6m
0%
EgyptYYusuf as-SiddiqQ22k
0%

Score Distribution

Percentile by Number Answered

Percent of People with Each Score

Your Score History

You have not taken this quiz